[Event "GER-chT U20"]
[Site "Stuttgart"]
[Date "2010.11.19"]
[Round "4"]
[White "Braun, Georg"]
[Black "Ohme, Melanie"]
[Result "1/2-1/2"]
[WhiteElo "2073"]
[BlackElo "2311"]
[PlyCount "111"]
[EventDate "2010.11.17"]
[EventType "team-tourn"]
[EventRounds "7"]
[EventCountry "GER"]
[SourceTitle "OM OTB B 201907"]
[Source "Opening Master"]
[SourceDate "2019.07.06"]
[SourceVersion "2"]
[SourceVersionDate "2019.07.06"]
[SourceQuality "1"]

1. e4 c5 2. Nf3 Nc6 3. d4 cxd4 4. Nxd4 Nf6 5. Nc3 d6 6. Be2 e5 7. Nf3 h6 8. O-O
Be7 9. Re1 O-O 10. h3 Be6 11. Bf1 Nb8 12. Nd5 Nxd5 13. exd5 Bf5 14. c4 Nd7 15.
a3 a5 16. Bd2 a4 17. Bb4 Bh7 18. Nd2 f5 19. b3 axb3 20. Nxb3 f4 21. Bd3 f3 22.
Bxh7+ Kxh7 23. g3 Qe8 24. Qd3+ Kh8 25. Qe4 Nf6 26. Qxf3 Qc8 27. Rac1 Qxh3 28.
Qg2 Qf5 29. Nd2 Rac8 30. Rc3 Qg4 31. Ne4 Nxe4 32. Qxe4 Rf4 33. Qe2 Qxe2 34.
Rxe2 Rfxc4 35. Rxc4 Rxc4 36. f4 e4 37. Kf2 h5 38. Ke3 Kh7 39. Rb2 Kg6 40. Bd2
Bf6 41. Rxb7 Rd4 42. Bb4 Kf5 43. Bxd6 Rxd5 44. Be5 Rd3+ 45. Kf2 Rf3+ 46. Kg2
Rxa3 47. Bxf6 gxf6 48. Kh3 Ra8 49. Rb5+ Kg6 50. g4 Rh8 51. Kh4 hxg4+ 52. Kxg4
Rh1 53. f5+ Kh6 54. Rb3 Re1 55. Rh3+ Kg7 56. Kf4 1/2-1/2

[Event "Asia rap (Men) 16th"]
[Site "Guangzhou"]
[Date "2010.11.16"]
[Round "8"]
[White "Shukuraliev, Algis"]
[Black "Salem, AR Saleh"]
[Result "0-1"]
[WhiteElo "2376"]
[BlackElo "2518"]
[PlyCount "84"]
[EventDate "2010.11.13"]
[EventType "swiss (rapid)"]
[EventRounds "9"]
[EventCountry "CHN"]
[SourceTitle "OM OTB B 201907"]
[Source "Opening Master"]
[SourceDate "2019.07.06"]
[SourceVersion "2"]
[SourceVersionDate "2019.07.06"]
[SourceQuality "1"]

1. e4 c5 2. Nf3 Nc6 3. d4 cxd4 4. Nxd4 Nf6 5. Nc3 d6 6. Be2 e5 7. Nb3 Be7 8.
O-O O-O 9. Bg5 a5 10. Bxf6 Bxf6 11. a3 Be6 12. Bb5 Bg5 13. Qd3 Rc8 14. Rad1 Na7
15. Nd2 Bxd2 16. Rxd2 Nxb5 17. Qxb5 Bc4 18. Qxb7 Bxf1 19. Kxf1 Rb8 20. Qd5 Rxb2
21. g3 Qc8 22. Qxa5 h5 23. h4 Qc4+ 24. Kg2 Qc8 25. Kf1 Qc4+ 26. Kg2 Kh7 27.
Rxd6 Rxc2 28. Nd1 Qxe4+ 29. Kh2 Ra8 30. Qd5 Qxd5 31. Rxd5 Rxa3 32. Rxe5 Rd3 33.
Re1 Rcd2 34. Ne3 Rxf2+ 35. Kh3 Rdd2 36. Nd1 Rd3 37. Ne3 Rdd2 38. Nf1 Rb2 39.
Rc1 g6 40. Ra1 Rg2 41. Rd1 Kg7 42. Ra1 Rg1 0-1

[Event "Troisdorf op "]
[Site "Troisdorf"]
[Date "2010.11.16"]
[Round "4"]
[White "Rozsa, Sandor"]
[Black "Schmidt, Kai Uwe"]
[Result "0-1"]
[WhiteElo "1677"]
[BlackElo "1923"]
[PlyCount "112"]
[EventDate "2010.10.26"]
[EventType "swiss"]
[EventRounds "7"]
[EventCountry "GER"]
[SourceTitle "OM OTB B 201907"]
[Source "Opening Master"]
[SourceDate "2019.07.06"]
[SourceVersion "2"]
[SourceVersionDate "2019.07.06"]
[SourceQuality "1"]

1. e4 c5 2. Nf3 d6 3. d4 cxd4 4. Nxd4 Nf6 5. Nc3 Nc6 6. Be2 e5 7. Nf3 h6 8. h3
Be7 9. Be3 O-O 10. Qd2 a6 11. g4 b5 12. Bd3 Nb4 13. g5 hxg5 14. Nxg5 Bb7 15. f3
Nxd3+ 16. cxd3 d5 17. exd5 Nxd5 18. Rg1 Rc8 19. Nge4 Bh4+ 20. Ke2 b4 21. Nxd5
Qxd5 22. Rg4 Be7 23. Rag1 g6 24. Bg5 b3 25. Bxe7 Qe6 26. Nf6+ Kg7 27. Nh5+ Kh7
28. Rh4 Qxe7 29. Nf6+ Kg7 30. Nh5+ Kh7 31. Nf6+ Kg7 32. Qg5 Bxf3+ 33. Kxf3
Qxf6+ 34. Qxf6+ Kxf6 35. axb3 Rc2 36. Rg2 Rfc8 37. Rc4 Rxg2 38. Kxg2 Rb8 39. b4
Rd8 40. Rc3 Rd4 41. Rb3 Kf5 42. Kf3 g5 43. Ke3 Rh4 44. b5 Rxh3+ 45. Kd2 axb5
46. Rxb5 g4 47. Rb8 Kf4 48. b4 g3 49. Rg8 Rh2+ 50. Kc3 Rh6 51. Kc4 Rg6 52. Rf8
g2 53. Rxf7+ Ke3 54. Re7 g1=Q 55. Rxe5+ Kf4 56. Re4+ Kf5 0-1

[Event "Regionalliga NO 1011"]
[Site "Bayern"]
[Date "2010.11.14"]
[Round "3.7"]
[White "Moroz, Grigorij"]
[Black "Bloederl, Alfred"]
[Result "1/2-1/2"]
[WhiteElo "1978"]
[BlackElo "1998"]
[PlyCount "81"]
[EventDate "2010.10.10"]
[EventType "team-tourn"]
[EventRounds "9"]
[EventCountry "GER"]
[SourceTitle "OM OTB B 201907"]
[Source "Opening Master"]
[SourceDate "2019.07.06"]
[SourceVersion "2"]
[SourceVersionDate "2019.07.06"]
[SourceQuality "1"]

1. e4 c5 2. Nf3 d6 3. d4 cxd4 4. Nxd4 Nf6 5. Nc3 Nc6 6. Be2 e5 7. Nb3 Be7 8.
O-O O-O 9. Be3 a5 10. a4 Nb4 11. f4 exf4 12. Rxf4 Be6 13. Nd4 Rc8 14. Nxe6 fxe6
15. Qd2 Qc7 16. Rc1 d5 17. Nb5 Qe5 18. c3 Nc6 19. exd5 Nxd5 20. Rxf8+ Rxf8 21.
Bd4 Nxd4 22. cxd4 Qg5 23. Qxg5 Bxg5 24. Rf1 Be3+ 25. Kh1 Nb4 26. Rxf8+ Kxf8 27.
Bc4 Ke7 28. g4 b6 29. h3 Nc6 30. d5 exd5 31. Bxd5 Ne5 32. b3 Nd3 33. Bc4 Ne5
34. Bd5 Nd3 35. Kh2 Kf6 36. Kg3 Ke5 37. Bg8 Nc5 38. Kf3 Bg5 39. Nc7 Kd4 40.
Ne6+ Nxe6 41. Bxe6 1/2-1/2

[Event "Oberliga Ost-A 1011"]
[Site "Germany"]
[Date "2010.11.14"]
[Round "3.5"]
[White "Matthey, Harald"]
[Black "Boehm, Robert"]
[Result "1/2-1/2"]
[WhiteElo "2225"]
[BlackElo "2187"]
[PlyCount "114"]
[EventDate "2010.10.24"]
[EventType "team-tourn"]
[EventRounds "11"]
[EventCountry "GER"]
[SourceTitle "OM OTB B 201907"]
[Source "Opening Master"]
[SourceDate "2019.07.06"]
[SourceVersion "2"]
[SourceVersionDate "2019.07.06"]
[SourceQuality "1"]

1. e4 c5 2. Nf3 d6 3. d4 cxd4 4. Nxd4 Nf6 5. Nc3 Nc6 6. Be2 e5 7. Nb3 Be7 8.
O-O O-O 9. Be3 Be6 10. h3 a5 11. a4 Nb4 12. Bf3 Rc8 13. Rc1 d5 14. exd5 Nbxd5
15. Nxd5 Nxd5 16. Bd2 b6 17. Qe2 Qc7 18. Rfe1 Bf6 19. Be4 Rfd8 20. Qh5 g6 21.
Qf3 Bg7 22. Bg5 Rd7 23. Red1 Qc4 24. Nd2 Qxa4 25. b3 Qb4 26. Nc4 Qc5 27. Ne3
Nc3 28. Rxd7 Bxd7 29. Nd5 Nxe4 30. Ne7+ Kf8 31. Qxe4 Bc6 32. Qd3 Re8 33. Nxc6
Qxc6 34. Rd1 h6 35. Be3 b5 36. Qd7 Qxd7 37. Rxd7 Rc8 38. Rb7 b4 39. Rb5 Rxc2
40. Rxa5 Rc3 41. Bc5+ Kg8 42. Bxb4 Rxb3 43. Bd6 Rb1+ 44. Kh2 e4 45. Ra8+ Kh7
46. Ra7 Rb6 47. Bc5 Rc6 48. Be3 Be5+ 49. g3 Rc7 50. Ra5 Bg7 51. g4 Re7 52. Kg2
Be5 53. f3 Bc7 54. Ra6 exf3+ 55. Kxf3 Be5 56. Rc6 g5 57. h4 Re6 1/2-1/2

[Event "Asia rap (Men) 16th"]
[Site "Guangzhou"]
[Date "2010.11.13"]
[Round "1"]
[White "Malkawi, Fadi"]
[Black "Salem, AR Saleh"]
[Result "0-1"]
[WhiteElo "2089"]
[BlackElo "2518"]
[PlyCount "52"]
[EventDate "2010.11.13"]
[EventType "swiss (rapid)"]
[EventRounds "9"]
[EventCountry "CHN"]
[SourceTitle "OM OTB B 201907"]
[Source "Opening Master"]
[SourceDate "2019.07.06"]
[SourceVersion "2"]
[SourceVersionDate "2019.07.06"]
[SourceQuality "1"]

1. e4 c5 2. Nf3 d6 3. d4 cxd4 4. Nxd4 Nf6 5. Nc3 Nc6 6. Be2 e5 7. Ndb5 a6 8.
Na3 Be7 9. Bg5 O-O 10. Bxf6 Bxf6 11. Bg4 Be6 12. Nd5 b5 13. O-O Bg5 14. f4 exf4
15. Nxf4 Bxf4 16. Rxf4 Qg5 17. g3 b4 18. Bxe6 Qc5+ 19. Kh1 fxe6 20. Nb1 Rxf4
21. gxf4 Rf8 22. Qd2 Nd4 23. c3 Nf3 24. Qg2 Qe3 25. Na3 bxa3 26. bxa3 Nh4 0-1

[Event "MEFOB"]
[Site "?"]
[Date "2010.11.12"]
[Round "3"]
[White "Kormos, Adam"]
[Black "Pataki, Gyozo"]
[Result "1/2-1/2"]
[WhiteElo "2250"]
[BlackElo "2343"]
[PlyCount "22"]
[EventDate "2010.11.12"]
[EventRounds "3"]
[SourceTitle "OM OTB B 201907"]
[Source "Opening Master"]
[SourceDate "2019.07.06"]
[SourceVersion "2"]
[SourceVersionDate "2019.07.06"]
[SourceQuality "1"]

1. e4 c5 2. Nf3 Nc6 3. d4 cxd4 4. Nxd4 Nf6 5. Nc3 d6 6. Be2 e5 7. Nb3 Be7 8.
Be3 O-O 9. O-O Be6 10. f3 Na5 11. Nd5 Bxd5 1/2-1/2

[Event "ISR-ch"]
[Site "Haifa"]
[Date "2010.11.11"]
[Round "4.9"]
[White "Reshef, Omer"]
[Black "Vydeslaver, Alik"]
[Result "1/2-1/2"]
[WhiteElo "2015"]
[BlackElo "2388"]
[PlyCount "195"]
[EventDate "2010.11.08"]
[EventType "swiss"]
[EventRounds "9"]
[EventCountry "ISR"]
[SourceTitle "OM OTB B 201907"]
[Source "Opening Master"]
[SourceDate "2019.07.06"]
[SourceVersion "2"]
[SourceVersionDate "2019.07.06"]
[SourceQuality "1"]

1. e4 c5 2. Nf3 d6 3. d4 cxd4 4. Nxd4 Nf6 5. Nc3 Nc6 6. Be2 e5 7. Nb3 Be7 8.
O-O O-O 9. Bf3 a5 10. a4 Nb4 11. Bg5 Be6 12. Qd2 h6 13. Be3 Nd7 14. Nb5 Nc5 15.
Nxc5 dxc5 16. Qc3 Qb6 17. Be2 Nc6 18. Bc4 Nd4 19. Kh1 Bd7 20. Qd3 Rad8 21. Nc3
Bg5 22. Bxg5 hxg5 23. Nd5 Qh6 24. Ra3 Rfe8 25. Ne3 Bc6 26. Bd5 Bxd5 27. exd5 e4
28. Qc4 Qf6 29. Qxc5 Rc8 30. Qxa5 Nxc2 31. Rc3 Nxe3 32. Rxe3 Qxb2 33. g4 Rc2
34. Kg2 Qd4 35. Rfe1 Rc5 36. Qb6 Qxd5 37. Qb3 Qc6 38. Rb1 Re7 39. Rd1 Qc8 40.
Rg3 Re8 41. Rd5 b6 42. Rd6 Rc6 43. Rd4 Qa6 44. Rd7 Qc4 45. Qxc4 Rxc4 46. Rb7
Rb4 47. Rc3 e3 48. Rxe3 Rxe3 49. fxe3 Rxg4+ 50. Kf3 Rb4 51. Ra7 f6 52. a5 bxa5
53. Rxa5 Kh7 54. Ra7 f5 55. Ra6 g6 56. Re6 Rb3 57. h3 Kh6 58. Re8 Ra3 59. Rh8+
Kg7 60. Re8 Kf7 61. Re5 Rb3 62. Kf2 Rb4 63. Kf3 Rh4 64. Kg3 Kf6 65. Ra5 Re4 66.
Ra6+ Re6 67. Ra3 Rb6 68. Kf3 Rb4 69. Ra6+ Kg7 70. Ra7+ Kh6 71. Re7 g4+ 72. hxg4
Rxg4 73. Re8 Ra4 74. Rh8+ Kg5 75. Rh1 Ra3 76. Rb1 Ra6 77. Rb3 Ra4 78. Rb1 Ra6
79. Rb3 Re6 80. Rb8 Kf6 81. Rb4 g5 82. Rb3 g4+ 83. Kf2 Ra6 84. Rb8 Kg5 85. Rg8+
Rg6 86. Rf8 Rh6 87. Rg8+ Kf6 88. Re8 Kf7 89. Ra8 Rh2+ 90. Kg3 Re2 91. Kf4 Rf2+
92. Kg5 g3 93. Ra1 Rf3 94. Rg1 Ke6 95. Kh4 Rxe3 96. Rxg3 Re1 97. Ra3 Ke5 98.
Kg3 1/2-1/2

[Event "MEFOB"]
[Site "?"]
[Date "2010.11.11"]
[Round "1"]
[White "Novaky, Csaba"]
[Black "Pataki, Gyozo"]
[Result "0-1"]
[WhiteElo "2113"]
[BlackElo "2343"]
[PlyCount "60"]
[EventDate "2010.11.12"]
[EventRounds "3"]
[SourceTitle "OM OTB B 201907"]
[Source "Opening Master"]
[SourceDate "2019.07.06"]
[SourceVersion "2"]
[SourceVersionDate "2019.07.06"]
[SourceQuality "1"]

1. e4 c5 2. Nf3 Nc6 3. d4 cxd4 4. Nxd4 Nf6 5. Nc3 d6 6. Be2 e5 7. Nb3 Be7 8.
O-O O-O 9. f4 a5 10. a4 Nb4 11. Be3 Qc7 12. Qd2 b6 13. Bf3 Rb8 14. Nc1 Rd8 15.
Nd3 d5 16. fxe5 Nxe4 17. Nxe4 dxe4 18. Bxe4 Qxc2 19. Rad1 Bg4 20. Nf2 Rxd2 21.
Rxd2 Qc8 22. Nxg4 Qxg4 23. Bf5 Qc4 24. Rd4 Qc6 25. Bd7 Qc2 26. Rd2 Qe4 27. Bf4
Rd8 28. e6 fxe6 29. Bc7 Qe3+ 30. Rdf2 Rf8 0-1

[Event "SLO Ch T 2010"]
[Site "Ljubljana"]
[Date "2010.11.07"]
[Round "9"]
[White "Crepan, Marjan"]
[Black "Cigan, Stefan"]
[Result "1-0"]
[WhiteElo "2317"]
[BlackElo "2349"]
[PlyCount "49"]
[EventDate "2010.11.05"]
[EventCountry "SLO"]
[SourceTitle "OM OTB B 201907"]
[Source "Opening Master"]
[SourceDate "2019.07.06"]
[SourceVersion "2"]
[SourceVersionDate "2019.07.06"]
[SourceQuality "1"]

1. e4 c5 2. Nf3 d6 3. d4 cxd4 4. Nxd4 Nf6 5. Nc3 Nc6 6. Be2 e5 7. Ndb5 Be7 8.
O-O O-O 9. f4 exf4 10. Bxf4 Qb6+ 11. Kh1 Be6 12. Qe1 Ne5 13. Qg3 Rfc8 14. Rad1
Nc4 15. Bc1 Rc7 16. Rf4 Rac8 17. Rdf1 Kh8 18. Rh4 Nd7 19. Rh5 Nde5 20. Nd5 Bxd5
21. exd5 g6 22. Rxf7 Nxf7 23. Qxg6 Ng5 24. Bxg5 Bxg5 25. Bd3 1-0

[Event "HUN-chT2 Szechenyi 1011"]
[Site "Hungary"]
[Date "2010.11.07"]
[Round "5.4"]
[White "Elo, Istvan"]
[Black "Rezsek, Gyozo"]
[Result "1/2-1/2"]
[WhiteElo "2132"]
[BlackElo "2024"]
[PlyCount "59"]
[EventDate "2010.09.12"]
[EventType "team-tourn"]
[EventRounds "11"]
[EventCountry "HUN"]
[SourceTitle "OM OTB B 201907"]
[Source "Opening Master"]
[SourceDate "2019.07.06"]
[SourceVersion "2"]
[SourceVersionDate "2019.07.06"]
[SourceQuality "1"]

1. e4 c5 2. Nf3 d6 3. d4 Nf6 4. Nc3 cxd4 5. Nxd4 Nc6 6. Be2 e5 7. Nb3 Be7 8.
O-O O-O 9. Be3 a5 10. f3 a4 11. Nd2 a3 12. Qc1 Qa5 13. Nc4 Qb4 14. Rb1 Nd4 15.
Bd3 Be6 16. Nd5 Bxd5 17. exd5 Nxd5 18. bxa3 Qc3 19. Re1 Nxe3 20. Qxe3 f5 21.
Rxb7 Bg5 22. Qf2 e4 23. f4 exd3 24. cxd3 Bxf4 25. Ree7 Qc1+ 26. Re1 Qc3 27.
Ree7 Qc1+ 28. Re1 Qc3 29. Ree7 Qc1+ 30. Re1 1/2-1/2

[Event "Chigorin Memorial 18th"]
[Site "St Petersburg"]
[Date "2010.11.03"]
[Round "7"]
[White "Saveliev, Alexei"]
[Black "Sazonova, Anastasia"]
[Result "1-0"]
[WhiteElo "2000"]
[BlackElo "1793"]
[PlyCount "127"]
[EventDate "2010.10.28"]
[EventType "swiss"]
[EventRounds "9"]
[EventCountry "RUS"]
[SourceTitle "OM OTB B 201907"]
[Source "Opening Master"]
[SourceDate "2019.07.06"]
[SourceVersion "2"]
[SourceVersionDate "2019.07.06"]
[SourceQuality "1"]

1. e4 c5 2. Nf3 d6 3. d4 cxd4 4. Nxd4 Nf6 5. Nc3 Nc6 6. Be2 e5 7. Nb3 Be6 8.
O-O a6 9. Bf3 Be7 10. Be3 O-O 11. Re1 Na5 12. Nxa5 Qxa5 13. Qd2 Rfd8 14. Nd5
Qxd2 15. Nxe7+ Kf8 16. Bxd2 Kxe7 17. Ba5 Rdc8 18. c3 Nd7 19. Red1 Rc6 20. Rd2
b6 21. Bb4 Nc5 22. Ba3 Nb7 23. Be2 b5 24. g3 Rd8 25. f4 f6 26. Kf2 Na5 27. Bb4
Nb7 28. f5 Bf7 29. a4 Bc4 30. axb5 axb5 31. Bxc4 bxc4 32. Ra7 Rd7 33. Kf3 Nc5
34. Ra8 Nd3 35. Ba3 Rb7 36. Ra4 Kd7 37. h4 Nc5 38. Ra8 Ke7 39. g4 h6 40. g5
hxg5 41. hxg5 fxg5 42. Rh2 Kf6 43. Rh7 Rcc7 44. Rf8+ Rf7 45. Rg8 Rbd7 46. Bb4
Ra7 47. Ba3 Rfd7 48. Rf8+ Rf7 49. Rb8 Rac7 50. Bb4 Ra7 51. Rh1 Rfd7 52. Ke3 Rf7
53. Rd1 Rfd7 54. Rh8 Nd3 55. Ba3 Rab7 56. Re8 Re7 57. Rd8 Red7 58. Rc8 Rdc7 59.
Rxc7 Rxc7 60. b3 Ra7 61. Bxd6 cxb3 62. Kxd3 b2 63. Kc2 Ra1 64. Rb1 1-0

[Event "Melbourne Cup"]
[Site "Melbourne"]
[Date "2010.11.02"]
[Round "9"]
[White "Yu, Sally"]
[Black "Solomon, Stephen J"]
[Result "0-1"]
[WhiteElo "1676"]
[BlackElo "2335"]
[PlyCount "96"]
[EventDate "2010.10.29"]
[EventType "swiss"]
[EventRounds "9"]
[EventCountry "AUS"]
[SourceTitle "OM OTB B 201907"]
[Source "Opening Master"]
[SourceDate "2019.07.06"]
[SourceVersion "2"]
[SourceVersionDate "2019.07.06"]
[SourceQuality "1"]

1. e4 c5 2. Nf3 d6 3. d4 cxd4 4. Nxd4 Nf6 5. Nc3 Nc6 6. Be2 e5 7. Nb3 Be6 8.
O-O Be7 9. f4 exf4 10. Bxf4 O-O 11. Qe1 Nd7 12. Rd1 Nde5 13. Nd5 Bg5 14. Qg3
Bxf4 15. Nxf4 Qe7 16. Nd4 Nxd4 17. Rxd4 Rac8 18. c3 Rc6 19. Nd5 Bxd5 20. Rxd5
Qc7 21. Rfd1 Qb6+ 22. Qf2 Qxb2 23. Rb5 Qxa2 24. Rxb7 a5 25. Rb5 a4 26. Ra5 a3
27. Bb5 Qxf2+ 28. Kxf2 Rxc3 29. Rxd6 Ng4+ 30. Kf1 Nxh2+ 31. Ke2 Ng4 32. Rd3
Rc2+ 33. Rd2 Rb2 34. Bd3 Rd8 35. Rxb2 axb2 36. Rb5 h5 37. Rxb2 Ne5 38. Bb1 Kh7
39. Rb5 f6 40. Rd5 Rc8 41. Bd3 Rc3 42. Bb1 Kh6 43. Rd2 Kg5 44. Kf2 h4 45. Rd1
Rb3 46. Re1 Rb2+ 47. Kf1 Kf4 48. Kg1 h3 0-1

[Event "Rohde op 10th"]
[Site "Sautron"]
[Date "2010.10.30"]
[Round "9"]
[White "Algaba, Pedro"]
[Black "Barbot, Pierre"]
[Result "1/2-1/2"]
[WhiteElo "1924"]
[BlackElo "2161"]
[PlyCount "205"]
[EventDate "2010.10.23"]
[EventType "swiss"]
[EventRounds "9"]
[EventCountry "FRA"]
[SourceTitle "OM OTB B 201907"]
[Source "Opening Master"]
[SourceDate "2019.07.06"]
[SourceVersion "2"]
[SourceVersionDate "2019.07.06"]
[SourceQuality "1"]

1. e4 c5 2. Nf3 Nc6 3. d4 cxd4 4. Nxd4 Nf6 5. Nc3 d6 6. Be2 e5 7. Nb3 Be7 8.
Be3 O-O 9. Qd2 a5 10. a4 Nb4 11. O-O Be6 12. f3 d5 13. exd5 Nbxd5 14. Nxd5 Nxd5
15. Rad1 Nxe3 16. Qxe3 Qc7 17. c4 Rfd8 18. Kh1 Bf5 19. Nc1 Bc5 20. Qb3 e4 21.
fxe4 Bxe4 22. Bf3 Qc6 23. Nd3 Bxf3 24. Rxf3 Bd4 25. Rdf1 Rd7 26. Nf4 Rc8 27.
Rc1 Be5 28. Nd3 Bb8 29. c5 Qd5 30. Qb5 Re8 31. Rcf1 f6 32. Qxa5 Re2 33. Re1 Qe4
34. Rxe2 Qxe2 35. Qc3 Qd1+ 36. Ne1 Be5 37. Qc4+ Kh8 38. Rf1 Bxb2 39. Qe6 Rd8
40. Qe7 Be5 41. Qxb7 Qxa4 42. Nf3 Qc4 43. Qb1 Qxc5 44. Nxe5 Qxe5 45. Re1 Qh5
46. Qb6 Qd1 47. Qe3 Qd7 48. h3 h6 49. Qe4 Qd3 50. Qg4 Kh7 51. Kh2 Qg6 52. Qe2
Rc8 53. Rd1 Rc2 54. Qf3 Ra2 55. Rc1 Ra4 56. Rc8 Qe4 57. Qxe4+ Rxe4 58. Rc7 Re3
59. Kg1 h5 60. Kf2 Ra3 61. h4 Ra4 62. g3 Rg4 63. Kf3 Kg8 64. Rc5 g6 65. Rc7 f5
66. Ra7 Re4 67. Rb7 Kf8 68. Ra7 Rg4 69. Rb7 f4 70. gxf4 Rxh4 71. Ra7 Rg4 72.
Rb7 Rg1 73. Kf2 Rd1 74. Kg3 Rd5 75. Kh4 Rf5 76. Kg3 Rf7 77. Rb5 Kg7 78. Kf3 Rf6
79. Kg3 Rc6 80. Kh4 Kh6 81. Rb8 Rc4 82. Kg3 Rc3+ 83. Kg2 Kg7 84. Rb6 Re3 85.
Kf2 Ra3 86. Kg2 Rc3 87. Kf2 Kf7 88. Kg2 Re3 89. Kf2 Re6 90. Rb5 Kf6 91. Kf3 Ra6
92. Kg3 Ra3+ 93. Kg2 Rd3 94. Ra5 Ke6 95. Rg5 Kf6 96. Ra5 Rb3 97. Rc5 Re3 98.
Kf2 Ra3 99. Kg2 h4 100. Rb5 Rg3+ 101. Kf2 Rc3 102. Kg2 Rd3 103. Ra5 1/2-1/2

[Event "BRA-ch sf"]
[Site "Recife"]
[Date "2010.10.30"]
[Round "2"]
[White "De Lima, Carlos Alexandre"]
[Black "Barreto Filho, Carlos Alberto"]
[Result "0-1"]
[WhiteElo "2106"]
[BlackElo "2346"]
[PlyCount "78"]
[EventDate "2010.10.30"]
[EventType "swiss"]
[EventRounds "7"]
[EventCountry "BRA"]
[SourceTitle "OM OTB B 201907"]
[Source "Opening Master"]
[SourceDate "2019.07.06"]
[SourceVersion "2"]
[SourceVersionDate "2019.07.06"]
[SourceQuality "1"]

1. e4 c5 2. Nf3 d6 3. d4 cxd4 4. Nxd4 Nf6 5. Nc3 Nc6 6. Be2 e5 7. Nb3 Be7 8.
O-O O-O 9. Bg5 Nxe4 10. Nxe4 Bxg5 11. Qxd6 Be7 12. Qxd8 Rxd8 13. Rfd1 Bf5 14.
Bf3 Rac8 15. c3 b6 16. Ng3 Be6 17. Bxc6 Rxd1+ 18. Rxd1 Rxc6 19. Nf1 a5 20. Nc1
f6 21. a3 Kf7 22. Ne2 Bc4 23. Neg3 g6 24. Ne3 Be6 25. h3 f5 26. Ne2 Bc5 27. Kf1
Bxe3 28. fxe3 Ke7 29. Ng1 Rd6 30. Ke1 Bd5 31. Nf3 Bxf3 32. gxf3 Rxd1+ 33. Kxd1
g5 34. c4 a4 35. Ke2 e4 36. fxe4 fxe4 37. Kd2 Kd6 38. Kc3 Kc5 39. b4+ axb3 0-1

[Event "Chigorin Memorial 18th"]
[Site "St Petersburg"]
[Date "2010.10.29"]
[Round "2"]
[White "Sazonova, Anastasia"]
[Black "Svidinsky, Dmitry"]
[Result "1/2-1/2"]
[WhiteElo "1793"]
[BlackElo "2172"]
[PlyCount "84"]
[EventDate "2010.10.28"]
[EventType "swiss"]
[EventRounds "9"]
[EventCountry "RUS"]
[SourceTitle "OM OTB B 201907"]
[Source "Opening Master"]
[SourceDate "2019.07.06"]
[SourceVersion "2"]
[SourceVersionDate "2019.07.06"]
[SourceQuality "1"]

1. e4 c5 2. Nf3 d6 3. d4 cxd4 4. Nxd4 Nf6 5. Nc3 Nc6 6. Be2 e5 7. Nf3 h6 8. h3
Be7 9. Be3 Be6 10. Qd2 Qa5 11. O-O O-O 12. Rad1 Rac8 13. a3 Rfd8 14. Nd5 Qxd2
15. Nxf6+ Bxf6 16. Rxd2 d5 17. exd5 Bxd5 18. Rfd1 Be4 19. c3 Rxd2 20. Rxd2 Bf5
21. Rd1 b6 22. g4 Be6 23. Nd2 Rd8 24. Ne4 Rxd1+ 25. Bxd1 Be7 26. b4 f5 27. gxf5
Bxf5 28. Bb3+ Kf8 29. Bd5 Nd8 30. Kg2 Nf7 31. f4 g5 32. fxg5 Nxg5 33. Nxg5 Bxg5
34. Bxg5 hxg5 35. Kg3 Ke7 36. h4 gxh4+ 37. Kxh4 Kd6 38. Bc4 e4 39. Kg3 Ke5 40.
Be2 Be6 41. Bb5 Bf5 42. Bc4 Bd7 1/2-1/2

[Event "Wch U18"]
[Site "Porto Carras"]
[Date "2010.10.27"]
[Round "8"]
[White "Massoni, Michael"]
[Black "Durarbayli, Vasif"]
[Result "1/2-1/2"]
[WhiteElo "2299"]
[BlackElo "2495"]
[PlyCount "55"]
[EventDate "2010.10.20"]
[EventType "swiss"]
[EventRounds "11"]
[EventCountry "GRE"]
[SourceTitle "OM OTB B 201907"]
[Source "Opening Master"]
[SourceDate "2019.07.06"]
[SourceVersion "2"]
[SourceVersionDate "2019.07.06"]
[SourceQuality "1"]

1. e4 c5 2. Nf3 d6 3. d4 cxd4 4. Nxd4 Nf6 5. Nc3 Nc6 6. Be2 e5 7. Nf3 h6 8. O-O
Be7 9. h3 O-O 10. Re1 a6 11. Bf1 Qc7 12. Be3 Na5 13. Qd2 Nc4 14. Bxc4 Qxc4 15.
Bxh6 gxh6 16. Qxh6 Nh7 17. Nd5 Re8 18. Nd2 Qxc2 19. Re3 Bg5 20. Rg3 Re6 21.
Rxg5+ Nxg5 22. Qxg5+ Kf8 23. Qd8+ Kg7 24. Nc7 Rg6 25. Ne8+ Kh7 26. Nf6+ Kg7 27.
Ne8+ Kh7 28. Nf6+ 1/2-1/2

[Event "Kuzbass-ch"]
[Site "Kemerovo"]
[Date "2010.10.27"]
[Round "6"]
[White "Starkov, S."]
[Black "Medvedev, Emelian"]
[Result "1/2-1/2"]
[WhiteElo "2221"]
[BlackElo "2090"]
[PlyCount "52"]
[EventDate "2010.10.23"]
[EventType "swiss"]
[EventRounds "9"]
[EventCountry "RUS"]
[SourceTitle "OM OTB B 201907"]
[Source "Opening Master"]
[SourceDate "2019.07.06"]
[SourceVersion "2"]
[SourceVersionDate "2019.07.06"]
[SourceQuality "1"]

1. e4 c5 2. Nf3 Nc6 3. d4 cxd4 4. Nxd4 Nf6 5. Nc3 d6 6. Be2 e5 7. Nb3 Be7 8. g4
h6 9. Rg1 a5 10. a4 Be6 11. h4 d5 12. exd5 Nxd5 13. Nxd5 Bxd5 14. g5 hxg5 15.
hxg5 Bxb3 16. cxb3 Nd4 17. Be3 Rc8 18. Bxd4 exd4 19. g6 Bb4+ 20. Kf1 Qf6 21.
gxf7+ Kxf7 22. Bc4+ Rxc4 23. bxc4 Rh2 24. Rg2 Rh1+ 25. Rg1 Rh2 26. Rg2 Rh1+
1/2-1/2

[Event "2.liga A 2010-11"]
[Site "Slovensko"]
[Date "2010.10.24"]
[Round "11.7"]
[White "Manak, Jozef"]
[Black "Stefan, Oldrich"]
[Result "1/2-1/2"]
[WhiteElo "2032"]
[BlackElo "1979"]
[PlyCount "50"]
[EventDate "2010.10.23"]
[EventRounds "2"]
[EventCountry "SVK"]
[SourceTitle "OM OTB B 201907"]
[Source "Opening Master"]
[SourceDate "2019.07.06"]
[SourceVersion "2"]
[SourceVersionDate "2019.07.06"]
[SourceQuality "1"]

1. e4 c5 2. Nf3 Nc6 3. d4 cxd4 4. Nxd4 Nf6 5. Nc3 d6 6. Be2 e5 7. Nb3 Be6 8.
O-O Be7 9. f4 exf4 10. Bxf4 a5 11. Be3 O-O 12. Nd4 Nxd4 13. Bxd4 Qc8 14. Qd3
Bg4 15. Bf3 Bxf3 16. Rxf3 Qe6 17. Bxf6 Bxf6 18. Nd5 Bxb2 19. Rb1 Be5 20. Rxb7
Rab8 21. Rb3 a4 22. Rb4 Rxb4 23. Nxb4 Qh6 24. g3 Qc1+ 25. Kg2 Qb2 1/2-1/2

[Event "Hoogeveen Unive op"]
[Site "Hoogeveen"]
[Date "2010.10.23"]
[Round "2"]
[White "Hendriks, Richard"]
[Black "Rombaldoni, Axel"]
[Result "0-1"]
[WhiteElo "2110"]
[BlackElo "2453"]
[PlyCount "64"]
[EventDate "2010.10.22"]
[EventType "swiss"]
[EventRounds "9"]
[EventCountry "NED"]
[SourceTitle "OM OTB B 201907"]
[Source "Opening Master"]
[SourceDate "2019.07.06"]
[SourceVersion "2"]
[SourceVersionDate "2019.07.06"]
[SourceQuality "1"]

1. e4 c5 2. Nf3 Nc6 3. d4 cxd4 4. Nxd4 Nf6 5. Nc3 d6 6. Be2 e5 7. Nf3 h6 8. O-O
Be7 9. Re1 O-O 10. h3 a6 11. Bf1 Qc7 12. Nd5 Nxd5 13. exd5 Nd8 14. a4 b6 15.
Ra3 f5 16. Rc3 Qd7 17. Nh2 Bf6 18. Qh5 e4 19. Rb3 Qxa4 20. Qg6 Nf7 21. Bf4 Ra7
22. Ree3 b5 23. g4 Nh8 24. Qh5 g6 25. Qxh6 Rh7 26. Qxf8+ Kxf8 27. Bxd6+ Kg8 28.
gxf5 gxf5 29. Bb4 Rg7+ 30. Rg3 Rxg3+ 31. Rxg3+ Kf7 32. Rb3 Bb7 0-1